Formule 1 - Classement constructeur 2021 - Statistiques

Statistiques générales
  • Ce quiz a été pris 264 fois
  • Le résultat moyen est 9 sur 10
Statistiques - réponses
Classement Points Équipes % Correct
1 613 Mercedes
100%
2 585 RedBull
100%
3 323 Ferrari
99%
4 275 McLaren
97%
5 155 Alpine
93%
10 0 Haas
88%
8 23 Williams
84%
7 77 Aston Martin
83%
6 142 Alpha Tauri
81%
9 13 Alpha Romeo
79%
Aucun quiz correspondant
Distribution des résultats
% des personnes avec chaque résultat
Percentile par nombre de réponses
Votre historique - résultats
Vous n’avez pas pris ce quiz